Women and Gender in Islam : (Record no. 17395)
[ view plain ]
| 000 -LEADER | |
|---|---|
| fixed length control field | 00864cam a2200253 a 4500 |
| 001 - CONTROL NUMBER | |
| control field | 2487546 |
| 005 - DATE AND TIME OF LATEST TRANSACTION | |
| control field | 20190213130157.0 |
| 008 - FIXED-LENGTH DATA ELEMENTS--GENERAL INFORMATION | |
| fixed length control field | 910717s1992 ctu b 001 0 eng |
| 010 ## - LIBRARY OF CONGRESS CONTROL NUMBER | |
| LC control number | 91026901 |
| 020 ## - INTERNATIONAL STANDARD BOOK NUMBER | |
| International Standard Book Number | 0300049420 |
| 020 ## - INTERNATIONAL STANDARD BOOK NUMBER | |
| International Standard Book Number | 9780300055832 |
| 082 00 - DEWEY DECIMAL CLASSIFICATION NUMBER | |
| Classification number | 305.486971 |
| Edition number | 22 |
| Item number | AHM |
| 100 1# - MAIN ENTRY--PERSONAL NAME | |
| Personal name | Ahmed, Leila. |
| 9 (RLIN) | 32954 |
| 245 10 - TITLE STATEMENT | |
| Title | Women and Gender in Islam : |
| Remainder of title | Historical Roots of a Modern Debate / |
| Statement of responsibility, etc | Leila Ahmed. |
| 260 ## - PUBLICATION, DISTRIBUTION, ETC. (IMPRINT) | |
| Place of publication, distribution, etc | New Haven : |
| Name of publisher, distributor, etc | Yale University Press, |
| Date of publication, distribution, etc | c1992. |
| 300 ## - PHYSICAL DESCRIPTION | |
| Extent | viii, 296 p. ; |
| Dimensions | 25 cm. |
| 504 ## - BIBLIOGRAPHY, ETC. NOTE | |
| Bibliography, etc | Includes bibliographical references (p. 249-279) and index. |
| 650 #0 - SUBJECT ADDED ENTRY--TOPICAL TERM | |
| Topical term or geographic name as entry element | Women |
| Geographic subdivision | Arab countries |
| General subdivision | Social conditions. |
| 9 (RLIN) | 32955 |
| 650 #0 - SUBJECT ADDED ENTRY--TOPICAL TERM | |
| Topical term or geographic name as entry element | Sexism |
| Geographic subdivision | Arab countries |
| General subdivision | History. |
| 9 (RLIN) | 32956 |
| 650 #0 - SUBJECT ADDED ENTRY--TOPICAL TERM | |
| Topical term or geographic name as entry element | Muslim women |
| General subdivision | Attitudes. |
| 9 (RLIN) | 32957 |
| 650 #0 - SUBJECT ADDED ENTRY--TOPICAL TERM | |
| Topical term or geographic name as entry element | Feminism |
| Geographic subdivision | Arab countries. |
| 9 (RLIN) | 32958 |
| 653 ## - INDEX TERM--UNCONTROLLED | |
| Resource For college | Arabic Literature |
| Arrived date list | March2013 |
| 942 ## - ADDED ENTRY ELEMENTS (KOHA) | |
| Source of classification or shelving scheme | Dewey Decimal Classification |
| Item type | Book - Borrowing |
| Withdrawn status | Item status | Source of classification or shelving scheme | Damaged status | Not for loan | Vendor | Home library | Current library | Shelving location | Date acquired | Source of acquisition | Total Checkouts | Total Renewals | Full call number | Barcode | Date last seen | Date last borrowed | Koha item type |
|---|---|---|---|---|---|---|---|---|---|---|---|---|---|---|---|---|---|
| Dewey Decimal Classification | Baccah | Central Library | Central Library | First floor | 25/03/2013 | 8 | 28 | 305.486971 AHM | 000028609 | 15/07/2025 | 14/11/2021 | Book - Borrowing | |||||
| Dewey Decimal Classification | Baccah | Central Library | Central Library | First floor | 25/03/2013 | 7 | 64 | 305.486971 AHM | 000028610 | 15/07/2025 | 08/10/2019 | Book - Borrowing |